000 00441nam a2200157 4500
001 126839
003 ES-MaACL
005 20230906192907.0
007 t|
008 070214s1973 sp r ||||1| spa d
100 1 _aRibas Muntan, Ramón.
_996731
245 1 0 _aEstructura y formación comercial /
_cRamón Ribas Muntan.
260 _aMadrid [etc.] :
_bIndex,
_c1973.
300 _a478 p. ;
_c24 cm.
852 _aES-MaACL
_jC-52312
_bR.85801
999 _c126839
_d126839